| 000 | 00543nam a2200193Ia 4500 | ||
|---|---|---|---|
| 999 |
_c12320 _d12320 |
||
| 082 | _aTP.0277 | ||
| 100 | _aPrasad, Puranam Radha Krishna | ||
| 245 | 0 | _aCultural content of the Sunga Satavahana Art | |
| 260 |
_c1979 _bNagpur University |
||
| 300 | _a995p. + C D - 47 | ||
| 650 | _aSATAVAHANAS, THE | ||
| 650 | _aSUNGAS, THE | ||
| 650 | _aART, HINDU - INDIA, ANCIENT | ||
| 650 | _aINDIA - HISTORY - 0324 B.C.-1000 A.D. | ||
| 650 | _aINDIA - CIVILIZATION | ||
| 650 | _aHINDU ART//ART, HINDU | ||
| 710 | _aDeo, S.B. | ||
| 942 |
_cTH _2ddc |
||